000 00410pab a2200157 454500
008 180718b1995 xxu||||| |||| 00| 0 eng d
100 _aMundle, Sudipto
245 _aDeprivation and public policy
_bre-defining developmental state.
260 _c1995
300 _ap.5-8,36-37
362 _a8 Jul
650 _aDeprivation (Psychology)
650 _aPublic policy
773 _aMainstream
909 _a28721
999 _c28721
_d28721